000 00725nam a2200217 i 4500
001 83506
003 ES-MaACL
005 20230906174836.0
007 t|
008 041117s1971 sp ||||1| spa d
100 1 _aJackson, George.
_965810
245 1 0 _aCartas de prisión /
_cGeorge Jackson, Soledad Brother ; introducción de Jean Genet ; [traducción de Jaime Freyré ; revisión, prefacio y notas de Oscar Caballero].
250 _a[1ª ed.].
260 _a[Barcelona] :
_bBarral,
_c1971.
300 _a327 p. ;
_c20 cm.
700 1 _aBrother, Soledad.
_931943
700 1 _aFreyré, Jaime.
_952569
700 1 _aCaballero, Oscar.
_933089
700 1 _aGenet, Jean.
_956303
852 _aES-MaACL
_jC-41168
_bR.79415
999 _c83506
_d83506